Comparison of different animal manure fertilizers and biocin f on chinese chives at kosh anlong chen district kandal province, ប្រៀបធៀបប្រភេទជីលាមកផ្សេងៗគ្នា និងជីBIOCIN F ដំណាំគូឆាយស្លឹកនៅកោះអន្លុងចិន ខេត្តកណ្តាល (Record no. 1319)

000 -LEADER
fixed length control field 00732nam a22001577a 4500
003 - CONTROL NUMBER IDENTIFIER
control field OSt
005 - DATE AND TIME OF LATEST TRANSACTION
control field 20150927100245.0
008 - FIXED-LENGTH DATA ELEMENTS--GENERAL INFORMATION
fixed length control field 150927b xxu||||| |||| 00| 0 eng d
040 ## - CATALOGING SOURCE
Transcribing agency RUA
082 ## - DEWEY DECIMAL CLASSIFICATION NUMBER
Classification number AGR TOU 2013 B057 Or.1
100 ## - MAIN ENTRY--PERSONAL NAME
9 (RLIN) 1404
Personal name TOUN, SEREY OUDOM.
245 ## - TITLE STATEMENT
Title Comparison of different animal manure fertilizers and biocin f on chinese chives at kosh anlong chen district kandal province, ប្រៀបធៀបប្រភេទជីលាមកផ្សេងៗគ្នា និងជីBIOCIN F ដំណាំគូឆាយស្លឹកនៅកោះអន្លុងចិន ខេត្តកណ្តាល
260 ## - PUBLICATION, DISTRIBUTION, ETC. (IMPRINT)
Place of publication, distribution, etc. Phnom Penh
Name of publisher, distributor, etc. RUA
Date of publication, distribution, etc. 2013
300 ## - PHYSICAL DESCRIPTION
Extent xi; 41p.
Other physical details ill.
Dimensions 29cm.
942 ## - ADDED ENTRY ELEMENTS (KOHA)
Source of classification or shelving scheme
Koha item type AGR
Holdings
Price effective from Date last seen Permanent Location Not for loan Date acquired Source of classification or shelving scheme Koha item type Lost status Withdrawn status Total Renewals Date last checked out Total Checkouts Shelving location Damaged status Barcode Current Location Full call number
2015-09-272020-10-20Library Block B 2015-09-27 AGR   2020-10-091B057 RUA006370Library Block BAGR TOU 2013 B057 Or.1
2015-09-272016-09-14Library Block B 2015-09-27 AGR  22016-07-221B057 RUA005578Library Block BAGR TOU 2013 B057 Or.2
2015-09-272017-02-06Library Block B 2015-09-27 AGR   2017-02-063B057 RUA005505Library Block BAGR TOU 2013 B057 Or.3
2015-09-272016-08-01Library Block B 2015-09-27 AGR   2016-06-242B057 RUA005839Library Block BAGR TOU 2013 B057 Or.4
2015-09-272016-06-21Library Block B 2015-09-27 AGR   2016-06-211B057 RUA005693Library Block BAGR TOU 2013 B057 Or.5
2015-09-272017-10-24Library Block B 2015-09-27 AGR   2017-10-092B057 RUA005626Library Block BAGR TOU 2013 B057 Or.6
2015-09-272016-11-11Library Block B 2015-09-27 AGR  12016-10-146B057 RUA005408Library Block BAGR TOU 2013 B057 Or.7
2015-09-272015-09-27Library Block B 2015-09-27 AGR     B057 RUA005840Library Block BAGR TOU 2013 B057 Or.8
2019-01-212023-12-19Library Block B 2019-01-21 AGR   2023-12-011B1.210 A40952Library Block BAGR TOU 2013 B1.210 Or.1
មជ្ឈមណ្ឌលឯការនៃសាកលវិទ្យាល័យភូមិន្ទកសិកម្មចំការដូង

Powered by Koha